[Event "Ljubljana-chT 69th Superliga"]
[Site "Ljubljana"]
[Date "2016.03.10"]
[Round "6.1"]
[White "Plaskan, Jure"]
[Black "Ocepek, Marjan Ml"]
[Result "1-0"]
[WhiteElo "2205"]
[BlackElo "2031"]
[PlyCount "64"]
[EventDate "2016.01.14"]
[EventType "team-tourn"]
[EventRounds "9"]
[EventCountry "SLO"]
[SourceTitle "EXT 2022"]
[Source "ChessBase"]
[SourceDate "2021.10.06"]
[SourceVersion "1"]
[SourceVersionDate "2021.10.06"]
[SourceQuality "1"]
[WhiteTeam "Domzale SD"]
[BlackTeam "Loka pri Mengsu"]
[WhiteTeamCountry "SLO"]
[BlackTeamCountry "SLO"]

1. e4 c5 2. Nf3 e6 3. d4 cxd4 4. Nxd4 Nf6 5. Nc3 d6 6. Bc4 Nc6 7. a3 a6 8. Ba2 Be7 9. 0-0 0-0 10. Kh1 Qc7 11. f4 b5 12. f5 Nxd4 13. Qxd4 Qc5 14. Qxc5 dxc5 15. e5 Ng4 16. f6 gxf6 17. exf6 Bxf6 18. Rf4 e5 19. Rf3 Bg7 20. h3 Nh6 21. Bd5 Ra7 22. Be3 Rc7 23. Raf1 Be6 24. Bxe6 fxe6 25. Rxf8+ Bxf8 26. Rxf8+ Kxf8 27. Bxh6+ Kf7 28. Ne4 c4 29. Kg1 Rd7 30. Kf2 Rd4 31. Nc3 Ke7 32. Be3 Rd8 1-0

[Event "Ljubljana-chT 69th Superliga"]
[Site "Ljubljana"]
[Date "2016.01.21"]
[Round "2.1"]
[White "Krumpak, Hinko"]
[Black "Ocepek, Marjan Ml"]
[Result "1-0"]
[WhiteElo "2153"]
[BlackElo "2031"]
[PlyCount "87"]
[EventDate "2016.01.14"]
[EventType "team-tourn"]
[EventRounds "9"]
[EventCountry "SLO"]
[SourceTitle "EXT 2022"]
[Source "ChessBase"]
[SourceDate "2021.10.06"]
[SourceVersion "1"]
[SourceVersionDate "2021.10.06"]
[SourceQuality "1"]
[WhiteTeam "Visnja Gora Sticna"]
[BlackTeam "Loka pri Mengsu"]
[WhiteTeamCountry "SLO"]
[BlackTeamCountry "SLO"]

1. g3 Nf6 2. Bg2 d5 3. Nf3 c5 4. 0-0 Nc6 5. d4 e6 6. b3 Be7 7. Bb2 0-0 8. Nbd2 b6 9. c4 Bb7 10. cxd5 exd5 11. Rc1 Ne4 12. dxc5 Bxc5 13. Nxe4 dxe4 14. Ne5 Nxe5 15. Bxe5 Qe7 16. Rxc5 Rfd8 17. Rc7 Qxe5 18. Qc2 Rac8 19. Rc1 Qe6 20. Rxc8 Rxc8 21. Qd2 Rxc1+ 22. Qxc1 Qd6 23. Qc4 Qc6 24. Qd4 h6 25. Qe5 a6 26. h4 Qd5 27. Qxd5 Bxd5 28. Kf1 Kf8 29. e3 Ke7 30. Ke2 Kd6 31. Kd2 g5 32. hxg5 hxg5 33. Kc3 Ke5 34. Kb4 f5 35. Bf1 Bb7 36. a4 Kd5 37. a5 Kc6 38. axb6 Kxb6 39. Kc4 Kc6 40. Kd4 Kd6 41. b4 g4 42. Bc4 Bc8 43. Bd5 Bd7 44. Bb7 1-0

[Event "Ljubljana-chT 68th Superliga"]
[Site "Ljubljana"]
[Date "2015.03.05"]
[Round "7.2"]
[White "Subelj, Jan"]
[Black "Ocepek, Marjan Ml"]
[Result "1/2-1/2"]
[WhiteElo "1776"]
[BlackElo "2056"]
[PlyCount "98"]
[EventDate "2015.01.08"]
[EventType "team-tourn"]
[EventRounds "9"]
[EventCountry "SLO"]
[SourceTitle "EXT 2022"]
[Source "ChessBase"]
[SourceDate "2021.10.06"]
[SourceVersion "1"]
[SourceVersionDate "2021.10.06"]
[SourceQuality "1"]
[WhiteTeam "Komenda Pogi"]
[BlackTeam "Loka pri Mengsu"]
[WhiteTeamCountry "SLO"]
[BlackTeamCountry "SLO"]

1. e4 c5 2. Nf3 d6 3. d4 cxd4 4. Nxd4 Nf6 5. Nc3 a6 6. Be2 b5 7. Bf3 e5 8. Nb3 h6 9. a4 b4 10. Nd5 a5 11. Nxf6+ gxf6 12. Qd5 Ra7 13. Bh5 Qe7 14. Be3 Rc7 15. Nxa5 Ba6 16. Qa8 Rc8 17. Bg4 Qc7 18. Bxc8 Qxc8 19. Ba7 Qxc2 20. Qxb8+ Kd7 21. Qb5+ Bxb5 22. axb5 Qxe4+ 23. Be3 Qd3 24. b6 d5 25. Rc1 Qb5 26. Rc7+ Ke6 27. b7 Bd6 28. Rc8 Rh7 29. Nc6 Qd3 30. Re8+ Kf5 31. g4+ Ke4 32. Nd4 b3 33. f3+ Kxe3 34. Nf5+ Kf4 35. Nxd6 Qb1+ 36. Ke2 Qxb2+ 37. Ke1 Qc3+ 38. Ke2 Qc2+ 39. Ke1 Ke3 40. Nf5+ Kd3 41. Nd4 Qd2+ 42. Kf1 Ke3 43. Nf5+ Kxf3 44. Nh4+ Kxg4 45. b8Q Qd1+ 46. Kg2 Qe2+ 47. Kg1 Qe1+ 48. Kg2 Qe2+ 49. Kg1 Qe1+ 1/2-1/2

[Event "Ljubljana-chT 68th Superliga"]
[Site "Ljubljana"]
[Date "2015.01.22"]
[Round "3.1"]
[White "Bratko, Ivan"]
[Black "Ocepek, Marjan Ml"]
[Result "1-0"]
[WhiteElo "2194"]
[BlackElo "2056"]
[PlyCount "88"]
[EventDate "2015.01.08"]
[EventType "team-tourn"]
[EventRounds "9"]
[EventCountry "SLO"]
[SourceTitle "EXT 2022"]
[Source "ChessBase"]
[SourceDate "2021.10.06"]
[SourceVersion "1"]
[SourceVersionDate "2021.10.06"]
[SourceQuality "1"]
[WhiteTeam "Mentor"]
[BlackTeam "Loka pri Mengsu"]
[WhiteTeamCountry "SLO"]
[BlackTeamCountry "SLO"]

1. Nf3 Nf6 2. g3 g6 3. Bg2 Bg7 4. 0-0 d5 5. d3 0-0 6. Nbd2 c5 7. e4 Nc6 8. c3 dxe4 9. dxe4 Qc7 10. Re1 e5 11. Qc2 b6 12. Nc4 Bb7 13. a4 Rad8 14. Bd2 Ba6 15. Bf1 Bb7 16. Rad1 h6 17. Bg2 Ba6 18. Bf1 Bb7 19. Bc1 Rfe8 20. Bg2 Kh7 21. Nfd2 g5 22. Ne3 Ne7 23. Nd5 Qc8 24. Nc4 Nexd5 25. exd5+ Kg8 26. Ne3 c4 27. Re2 e4 28. Red2 a6 29. Rd4 b5 30. axb5 axb5 31. Bxe4 Nd7 32. Bh7+ Kh8 33. Re4 Ne5 34. Bf5 Qc5 35. Qe2 f6 36. Red4 Rd6 37. Qh5 Red8 38. Be4 f5 39. Nxf5 g4 40. Nxd6 Qxd6 41. Qf5 Kg8 42. Kf1 Bc8 43. Qh7+ Kf7 44. Bc2 Nd3 1-0

[Event "Ljubljana-chT 68th Superliga"]
[Site "Ljubljana"]
[Date "2015.01.15"]
[Round "2.2"]
[White "Ocepek, Marjan Ml"]
[Black "Zupec, Jan"]
[Result "1/2-1/2"]
[WhiteElo "2056"]
[BlackElo "2007"]
[PlyCount "91"]
[EventDate "2015.01.08"]
[EventType "team-tourn"]
[EventRounds "9"]
[EventCountry "SLO"]
[SourceTitle "EXT 2022"]
[Source "ChessBase"]
[SourceDate "2021.10.06"]
[SourceVersion "1"]
[SourceVersionDate "2021.10.06"]
[SourceQuality "1"]
[WhiteTeam "Loka pri Mengsu"]
[BlackTeam "Ig"]
[WhiteTeamCountry "SLO"]
[BlackTeamCountry "SLO"]

1. d4 g6 2. Nf3 c6 3. c4 d5 4. e3 Nf6 5. Nc3 e6 6. Be2 dxc4 7. Bxc4 Bg7 8. 0-0 0-0 9. b4 Nd5 10. Qb3 Nxc3 11. Qxc3 Nd7 12. Bb2 b5 13. Bb3 Bb7 14. Ne5 Nxe5 15. dxe5 a5 16. a3 axb4 17. axb4 Rxa1 18. Rxa1 Qb6 19. Bd1 Rc8 20. Bf3 Bf8 21. Rc1 c5 22. Bxb7 Qxb7 23. bxc5 Rxc5 24. Qe1 b4 25. Qd1 Rxc1 26. Qxc1 Qd5 27. h3 Bc5 28. f3 Kg7 29. Kf2 Ba7 30. Ke2 Qb3 31. Bd4 Bxd4 32. exd4 Qa2+ 33. Kd3 b3 34. Kc3 Qxg2 35. Qf4 Qc2+ 36. Kb4 Qf5 37. Qxf5 gxf5 38. Kxb3 Kg6 39. Kc4 Kg5 40. d5 exd5+ 41. Kxd5 Kh4 42. Kd6 Kg3 43. Ke7 Kf4 44. Kf6 h6 45. e6 fxe6 46. Kxe6 1/2-1/2

[Event "Ljubljana-chT 67th"]
[Site "Gostovanja"]
[Date "2014.02.13"]
[Round "5.1"]
[White "Butala, Marjan"]
[Black "Ocepek, Marjan Ml"]
[Result "0-1"]
[WhiteElo "2022"]
[BlackElo "2009"]
[PlyCount "114"]
[EventDate "2014.01.09"]
[EventType "team-tourn"]
[EventRounds "9"]
[EventCountry "SLO"]
[SourceTitle "EXT 2015"]
[Source "ChessBase"]
[SourceDate "2014.11.20"]
[SourceVersion "1"]
[SourceVersionDate "2014.11.20"]
[SourceQuality "1"]
[WhiteTeam "Karel Jeraj"]
[BlackTeam "Loka Pri Mengsu"]
[WhiteTeamCountry "SLO"]
[BlackTeamCountry "SLO"]

1. d4 Nf6 2. c4 e6 3. Nc3 d5 4. Nf3 Be7 5. Bf4 Nh5 6. Bd2 b6 7. e3 Nf6 8. Rc1 Bb7 9. Qa4+ Bc6 10. Qb3 0-0 11. Ne5 Bb7 12. c5 Nc6 13. f4 Nd7 14. cxb6 cxb6 15. Nxc6 Bxc6 16. a4 a6 17. Bd3 Nf6 18. 0-0 Qd7 19. Ra1 Ne4 20. Nxe4 dxe4 21. Be2 Bd5 22. Bc4 Bxc4 23. Qxc4 Rfc8 24. Qb3 Qd5 25. Qxd5 exd5 26. Rfc1 f5 27. Kf2 Kf7 28. Ke2 h6 29. Rc3 Rc4 30. b3 Rxc3 31. Bxc3 Rc8 32. Kd2 g5 33. Rf1 Ke6 34. g3 Bd6 35. fxg5 hxg5 36. Rf2 f4 37. gxf4 gxf4 38. exf4 e3+ 39. Kxe3 Rxc3+ 40. Kd2 Rxb3 41. Kc2 Ra3 42. f5+ Kf6 43. Kb2 Rh3 44. Rf1 Rxh2+ 45. Kb3 Rh4 46. a5 b5 47. Rc1 Rxd4 48. Rc6 Rb4+ 49. Ka2 Ra4+ 50. Kb3 Ke5 51. Rxa6 Rf4 52. Rb6 b4 53. a6 Rxf5 54. a7 Rf3+ 55. Kb2 Ra3 56. Rb7 Bc5 57. Rb5 Kd4 0-1

[Event "Ljubljana-chT 67th"]
[Site "Gostovanja"]
[Date "2014.01.09"]
[Round "1.1"]
[White "Sindicic, Branko"]
[Black "Ocepek, Marjan Ml"]
[Result "0-1"]
[WhiteElo "1835"]
[BlackElo "2009"]
[PlyCount "48"]
[EventDate "2014.01.09"]
[EventType "team-tourn"]
[EventRounds "9"]
[EventCountry "SLO"]
[SourceTitle "EXT 2015"]
[Source "ChessBase"]
[SourceDate "2014.11.20"]
[SourceVersion "1"]
[SourceVersionDate "2014.11.20"]
[SourceQuality "1"]
[WhiteTeam "Zelenci LPP"]
[BlackTeam "Loka Pri Mengsu"]
[WhiteTeamCountry "SLO"]
[BlackTeamCountry "SLO"]

1. d4 Nf6 2. Nf3 e6 3. Bg5 b6 4. Nbd2 d5 5. e4 Be7 6. e5 Ne4 7. Bxe7 Qxe7 8. Bd3 Bb7 9. 0-0 0-0 10. Qe2 Nxd2 11. Qxd2 c5 12. c3 Nc6 13. Rac1 Rac8 14. a3 cxd4 15. cxd4 Na5 16. Rc3 Rxc3 17. Qxc3 Rc8 18. Qe1 Qd7 19. Qb1 h6 20. Qd1 Nc4 21. Qb3 Ba6 22. Rc1 Na5 23. Rxc8+ Qxc8 24. Bxa6 Qc1+ 0-1

[Event "SLO-chT Central 1st League 14th"]
[Site "Slovenia"]
[Date "2013.09.26"]
[Round "2.1"]
[White "Ocepek, Marjan Ml"]
[Black "Novkovic, Stojan"]
[Result "1-0"]
[WhiteElo "2014"]
[BlackElo "2058"]
[PlyCount "40"]
[EventDate "2013.09.19"]
[EventType "team-swiss"]
[EventRounds "9"]
[EventCountry "SLO"]
[SourceTitle "EXT 2022"]
[Source "ChessBase"]
[SourceDate "2021.10.06"]
[SourceVersion "1"]
[SourceVersionDate "2021.10.06"]
[SourceQuality "1"]

1. d4 Nf6 2. c4 c5 3. d5 e6 4. Nc3 exd5 5. Nxd5 Nxd5 6. Qxd5 Nc6 7. Bd2 d6 8. Bc3 Be6 9. Qe4 Qb6 10. Nf3 h6 11. e3 0-0-0 12. 0-0-0 Nb4 13. Qb1 d5 14. Be2 dxc4 15. Ne5 Qa6 16. a3 Nc6 17. Nxf7 Bxf7 18. Qf5+ Kb8 19. Be5+ Ka8 20. Rxd8+ Nxd8 1-0

[Event "SLO-chT 1st League Central"]
[Site "Ljubljana"]
[Date "2012.10.18"]
[Round "7.1"]
[White "Ocepek, Marjan Ml"]
[Black "Mlakar, Slavko"]
[Result "1-0"]
[WhiteElo "2058"]
[BlackElo "1794"]
[PlyCount "59"]
[EventDate "2012.09.06"]
[EventType "team-swiss"]
[EventRounds "9"]
[EventCountry "SLO"]
[SourceTitle "EXT 2019"]
[Source "ChessBase"]
[SourceDate "2018.10.10"]
[SourceVersion "1"]
[SourceVersionDate "2018.10.10"]
[SourceQuality "1"]
[WhiteTeam "Loka Pri Mengsu"]
[BlackTeam "Agencija Za Nepremicnine"]
[WhiteTeamCountry "SLO"]
[BlackTeamCountry "SLO"]

1. d4 Nf6 2. c4 e6 3. Nc3 b6 4. f3 d5 5. Bg5 Be7 6. e4 Nxe4 7. Bxe7 Nxc3 8. Bxd8 Nxd1 9. Bxc7 Nxb2 10. cxd5 exd5 11. Rc1 0-0 12. Rc2 Re8+ 13. Kd2 Na4 14. Bxb8 Rxb8 15. Bb5 Bf5 16. Rc7 Rec8 17. Rxc8+ Rxc8 18. Bxa4 Rc4 19. Bb3 Rxd4+ 20. Ke3 Rd3+ 21. Kf4 Be6 22. Ne2 b5 23. Rd1 Rxd1 24. Bxd1 Kf8 25. Ke5 Ke7 26. Nf4 f6+ 27. Kd4 Kd6 28. Nxe6 Kxe6 29. Bb3 Kd6 30. Bxd5 1-0

[Event "SLO-chT 1st League Central"]
[Site "Ljubljana"]
[Date "2012.09.06"]
[Round "1.1"]
[White "Ocepek, Marjan Ml"]
[Black "Krumpak, Hinko"]
[Result "0-1"]
[WhiteElo "2058"]
[BlackElo "2112"]
[PlyCount "158"]
[EventDate "2012.09.06"]
[EventType "team-swiss"]
[EventRounds "9"]
[EventCountry "SLO"]
[SourceTitle "EXT 2019"]
[Source "ChessBase"]
[SourceDate "2018.10.10"]
[SourceVersion "1"]
[SourceVersionDate "2018.10.10"]
[SourceQuality "1"]
[WhiteTeam "Loka Pri Mengsu"]
[BlackTeam "Sticna Visnja Gora"]
[WhiteTeamCountry "SLO"]
[BlackTeamCountry "SLO"]

1. d4 c5 2. c4 cxd4 3. Qxd4 Nc6 4. Qd1 g6 5. Nf3 Bg7 6. e3 Nf6 7. Nc3 0-0 8. Be2 Qa5 9. 0-0 Rd8 10. Qc2 d5 11. Nxd5 Nxd5 12. cxd5 Qxd5 13. Bc4 Qh5 14. Be2 Be6 15. Bd2 Rac8 16. Qa4 Rxd2 17. Nxd2 Qxe2 18. Nf3 Bxb2 19. Rab1 b5 20. Qa6 Nb4 21. Qxa7 Bxa2 22. Nd4 Bxd4 23. Qd7 Rf8 24. Rxb4 Bc4 25. Rxc4 Qxc4 26. Qxd4 Qxd4 27. exd4 Rd8 28. Rd1 e5 29. d5 Kf8 30. d6 f6 31. Kf1 Ke8 32. Rd5 Rb8 33. d7+ Kd8 34. Ke2 Rb7 35. Ke3 b4 36. g4 Rxd7 37. Rb5 Rd4 38. g5 fxg5 39. Rxe5 Rh4 40. Rxg5 Rxh2 41. Rg4 b3 42. Rb4 Ke7 43. Rxb3 Kf6 44. Rb5 g5 45. Kf3 Rh3+ 46. Kg4 Rh4+ 47. Kg3 Rd4 48. Rb6+ Kg7 49. Rc6 Rf4 50. Rd6 Rf6 51. Rd5 Kg6 52. Rc5 h5 53. Rc8 g4 54. Rg8+ Kh7 55. Rg5 Rf3+ 56. Kg2 Kh6 57. Re5 h4 58. Rc5 h3+ 59. Kg1 Kg6 60. Rb5 Rf5 61. Rb4 Kg5 62. Rc4 Ra5 63. Rd4 Ra1+ 64. Kh2 Rf1 65. Rd2 Kf4 66. Rb2 Kf3 67. Rb3+ Kxf2 68. Rg3 Rh1+ 69. Kxh1 Kxg3 70. Kg1 Kh4 71. Kh1 g3 72. Kg1 Kg4 73. Kh1 Kf3 74. Kg1 h2+ 75. Kh1 g2+ 76. Kxh2 Kf2 77. Kh3 g1Q 78. Kh4 Qg6 79. Kh3 Qh5# 0-1

[Event "Ljubljana-chT 65th 1st League"]
[Site "Ljubljana"]
[Date "2012.03.01"]
[Round "6.1"]
[White "Ocepek, Marjan Ml"]
[Black "Mlacnik, Janez"]
[Result "1-0"]
[WhiteElo "2039"]
[BlackElo "1845"]
[PlyCount "57"]
[EventDate "2012.01.12"]
[EventType "team-tourn"]
[EventRounds "9"]
[EventCountry "SLO"]
[SourceTitle "EXT 2022"]
[Source "ChessBase"]
[SourceDate "2021.10.06"]
[SourceVersion "1"]
[SourceVersionDate "2021.10.06"]
[SourceQuality "1"]
[WhiteTeam "Loka pri Mengsu"]
[BlackTeam "Ljubljana Karel Jeraj"]
[WhiteTeamCountry "SLO"]
[BlackTeamCountry "SLO"]

1. e4 c5 2. Nf3 Nc6 3. d4 cxd4 4. Nxd4 e5 5. Nb5 a6 6. Nd6+ Bxd6 7. Qxd6 Qf6 8. Qa3 Nge7 9. h4 b5 10. Bg5 Qg6 11. Nd2 Bb7 12. 0-0-0 f6 13. Be3 Rc8 14. Kb1 0-0 15. Nb3 d5 16. h5 Qf7 17. Nc5 b4 18. Qb3 Na5 19. Qa4 d4 20. Qxa5 Rxc5 21. Qxc5 Rc8 22. Qxb4 Bxe4 23. Rc1 a5 24. Qa4 Bc6 25. Bb5 dxe3 26. Bxc6 Nxc6 27. fxe3 Qc7 28. Rhd1 Nb4 29. c3 1-0

[Event "Ljubljana-chT 65th 1st League"]
[Site "Ljubljana"]
[Date "2012.02.09"]
[Round "4.1"]
[White "Ocepek, Marjan Ml"]
[Black "Korosec, Stane"]
[Result "1/2-1/2"]
[WhiteElo "2039"]
[BlackElo "2046"]
[PlyCount "48"]
[EventDate "2012.01.12"]
[EventType "team-tourn"]
[EventRounds "9"]
[EventCountry "SLO"]
[SourceTitle "EXT 2022"]
[Source "ChessBase"]
[SourceDate "2021.10.06"]
[SourceVersion "1"]
[SourceVersionDate "2021.10.06"]
[SourceQuality "1"]
[WhiteTeam "Loka pri Mengsu"]
[BlackTeam "Barob Smarca"]
[WhiteTeamCountry "SLO"]
[BlackTeamCountry "SLO"]

1. e4 e5 2. Nf3 Nc6 3. Bb5 a6 4. Ba4 Nf6 5. 0-0 Be7 6. Re1 b5 7. Bb3 0-0 8. c3 d6 9. d4 Bg4 10. Bg5 Bxf3 11. gxf3 Nh5 12. Be3 Na5 13. dxe5 dxe5 14. Qxd8 Rfxd8 15. Nd2 Rd7 16. Bc2 c5 17. b3 b4 18. Nc4 Nxc4 19. bxc4 bxc3 20. Ba4 Rd3 21. Red1 Rxd1+ 22. Rxd1 Rb8 23. Rc1 Nf4 24. Bxf4 exf4 1/2-1/2

[Event "Ljubljana-chT 65th 1st League"]
[Site "Ljubljana"]
[Date "2012.01.19"]
[Round "2.1"]
[White "Oberc, Marjan"]
[Black "Ocepek, Marjan Ml"]
[Result "1-0"]
[WhiteElo "2053"]
[BlackElo "2039"]
[PlyCount "107"]
[EventDate "2012.01.12"]
[EventType "team-tourn"]
[EventRounds "9"]
[EventCountry "SLO"]
[SourceTitle "EXT 2022"]
[Source "ChessBase"]
[SourceDate "2021.10.06"]
[SourceVersion "1"]
[SourceVersionDate "2021.10.06"]
[SourceQuality "1"]
[WhiteTeam "Trzin Buscotrade"]
[BlackTeam "Loka pri Mengsu"]
[WhiteTeamCountry "SLO"]
[BlackTeamCountry "SLO"]

1. e4 c5 2. Nf3 Nc6 3. Nc3 e6 4. d4 cxd4 5. Nxd4 a6 6. Nxc6 bxc6 7. Bd3 d5 8. 0-0 Nf6 9. e5 Nd7 10. Re1 g6 11. Na4 Bg7 12. Bf4 Qh4 13. g3 Qd8 14. c4 0-0 15. Qd2 Nb6 16. Bg5 f6 17. exf6 Bxf6 18. Bxf6 Rxf6 19. Qa5 Rb8 20. c5 e5 21. Rxe5 Bh3 22. Nxb6 Rxf2 23. Re2 Rf3 24. Qd2 Qf6 25. Rf2 Qd4 26. Bf1 Qxc5 27. Bxh3 Qxb6 28. Kg2 Rxf2+ 29. Qxf2 Qxf2+ 30. Kxf2 Rxb2+ 31. Ke3 Rxh2 32. Bf1 Rc2 33. Bxa6 Rc3+ 34. Kd4 Ra3 35. Bb7 Kf7 36. Bxc6 Ke7 37. Bxd5 Kd8 38. Bb3 Ra5 39. Rf1 Rg5 40. Rf6 Ke7 41. Re6+ Kd7 42. Re3 Kd6 43. Bg8 h5 44. Be6 Ra5 45. Bf7 g5 46. Re6+ Kd7 47. Re5 Ra4+ 48. Bc4 h4 49. g4 Ra8 50. Rxg5 Rf8 51. Rf5 Rh8 52. Rh5 Rf8 53. Rxh4 Rf4+ 54. Kc5 1-0

[Event "Ljubljana-chT 64th 2nd League"]
[Site "Ljubljana"]
[Date "2011.03.10"]
[Round "7.1"]
[White "Ocepek, Marjan Ml"]
[Black "Hribar, Franc"]
[Result "1-0"]
[WhiteElo "1858"]
[BlackElo "1756"]
[PlyCount "103"]
[EventDate "2011.01.13"]
[EventType "team-tourn"]
[EventRounds "9"]
[EventCountry "SLO"]
[SourceTitle "EXT 2022"]
[Source "ChessBase"]
[SourceDate "2021.10.06"]
[SourceVersion "1"]
[SourceVersionDate "2021.10.06"]
[SourceQuality "1"]

1. d4 d5 2. c4 Nf6 3. Nc3 c6 4. e3 Bf5 5. Nf3 h6 6. Bd3 Ne4 7. Bxe4 dxe4 8. Nd2 e6 9. Ndxe4 Bb4 10. 0-0 0-0 11. Ng3 Bg6 12. Nce2 Bd6 13. b3 Nd7 14. Bb2 Nf6 15. f3 Nh5 16. Nxh5 Bxh5 17. e4 Be7 18. Nf4 Bg6 19. Nxg6 fxg6 20. Qe2 Bf6 21. Rad1 Qa5 22. Qc2 e5 23. Rd2 Rad8 24. Rfd1 Bg5 25. Rd3 Bf6 26. b4 Qb6 27. a3 a6 28. c5 Qc7 29. d5 Qe7 30. dxc6 bxc6 31. Qc4+ Qf7 32. Qxf7+ Kxf7 33. Rxd8 Rxd8 34. Rxd8 Bxd8 35. Bxe5 h5 36. Kf2 g5 37. Ke3 g6 38. a4 Ke6 39. Bd6 Bf6 40. Kd3 Be5 41. Bxe5 Kxe5 42. g3 h4 43. Ke3 hxg3 44. hxg3 g4 45. f4+ Ke6 46. Kd4 Kf6 47. e5+ Ke6 48. Kc4 Kd7 49. b5 a5 50. b6 Kc8 51. Kd4 Kd7 52. e6+ 1-0

[Event "SLO-chT Central 2nd League"]
[Site "Slovenia"]
[Date "2010.10.07"]
[Round "4.1"]
[White "Bozic, Anton"]
[Black "Ocepek, Marjan Ml"]
[Result "0-1"]
[WhiteElo "2087"]
[BlackElo "1824"]
[PlyCount "82"]
[EventDate "2010.09.09"]
[EventType "team-tourn"]
[EventRounds "9"]
[EventCountry "SLO"]
[SourceTitle "EXT 2022"]
[Source "ChessBase"]
[SourceDate "2021.10.06"]
[SourceVersion "1"]
[SourceVersionDate "2021.10.06"]
[SourceQuality "1"]
[WhiteTeam "Duplica Balin"]
[BlackTeam "Loka pri Mengsu"]
[WhiteTeamCountry "SLO"]
[BlackTeamCountry "SLO"]

1. Nf3 Nf6 2. d4 e6 3. e3 b6 4. Bd3 d5 5. Qe2 Bb7 6. 0-0 Be7 7. b3 0-0 8. Ba3 Nbd7 9. Bxe7 Qxe7 10. a3 Ne4 11. Ne1 f5 12. f3 Nd6 13. Nd2 e5 14. c3 Rae8 15. Nc2 exd4 16. cxd4 f4 17. Rfe1 fxe3 18. Nxe3 Qf6 19. Ndf1 Qxd4 20. Qc2 Nf6 21. Rad1 Qc5 22. Qb2 Qc6 23. Rc1 Qd7 24. b4 c6 25. Ng3 g6 26. h4 Qg7 27. Qc2 Nd7 28. h5 Ne5 29. Be2 Qh6 30. Qb3 Qg5 31. Nef1 gxh5 32. Ne4 Nxe4 33. fxe4 Ng4 34. exd5 cxd5 35. Bf3 Kh8 36. Rxe8 Rxe8 37. Rc7 Re7 38. Qc3+ Qg7 39. Rxe7 Qxc3 40. Rxb7 Qd4+ 41. Kh1 Qf2 0-1

[Event "Ljubljana-chT 63rd 2nd League"]
[Site "Ljubljana"]
[Date "2010.03.04"]
[Round "7.1"]
[White "Kveder, Bozidar"]
[Black "Ocepek, Marjan Ml"]
[Result "0-1"]
[WhiteElo "1629"]
[BlackElo "1813"]
[PlyCount "90"]
[EventDate "2010.01.07"]
[EventType "team-tourn"]
[EventRounds "9"]
[EventCountry "SLO"]
[SourceTitle "EXT 2022"]
[Source "ChessBase"]
[SourceDate "2021.10.06"]
[SourceVersion "1"]
[SourceVersionDate "2021.10.06"]
[SourceQuality "1"]
[WhiteTeam "Bor Dob"]
[BlackTeam "Loka pri Mengsu"]
[WhiteTeamCountry "SLO"]
[BlackTeamCountry "SLO"]

1. e4 e6 2. Nf3 d5 3. exd5 exd5 4. d4 c5 5. Be3 cxd4 6. Nxd4 Nc6 7. Bb5 Bd7 8. 0-0 Be7 9. Nc3 Nf6 10. h3 0-0 11. Nxc6 bxc6 12. Bd3 Qc7 13. Bg5 Be6 14. b3 Qe5 15. Bxf6 Bxf6 16. Ne2 Qg5 17. f4 Qh5 18. Rb1 Be7 19. Qe1 Bxh3 20. gxh3 Qxh3 21. Qg3 Bc5+ 22. Rf2 Qxg3+ 23. Nxg3 Rfe8 24. Kg2 Bxf2 25. Kxf2 f6 26. Rg1 g6 27. Ba6 Rab8 28. Nf5 Kf8 29. Ng3 Rb6 30. Bd3 c5 31. Rh1 Re7 32. Nf1 c4 33. bxc4 dxc4 34. Bxc4 Rb4 35. Ne3 Rxe3 36. Kxe3 Rxc4 37. Rxh7 a5 38. Ra7 a4 39. Ra5 Kf7 40. f5 gxf5 41. Rxf5 Rxc2 42. Rf2 Rxf2 43. Kxf2 Ke6 44. Kf3 Ke5 45. a3 Kd4 0-1

[Event "Ljubljana-chT 63rd 2nd League"]
[Site "Ljubljana"]
[Date "2010.01.28"]
[Round "4.1"]
[White "Ocepek, Marjan Ml"]
[Black "Sindicic, Branko"]
[Result "0-1"]
[WhiteElo "1813"]
[BlackElo "1922"]
[PlyCount "76"]
[EventDate "2010.01.07"]
[EventType "team-tourn"]
[EventRounds "9"]
[EventCountry "SLO"]
[SourceTitle "EXT 2022"]
[Source "ChessBase"]
[SourceDate "2021.10.06"]
[SourceVersion "1"]
[SourceVersionDate "2021.10.06"]
[SourceQuality "1"]
[WhiteTeam "Loka pri Mengsu"]
[BlackTeam "Zelenci LPP"]
[WhiteTeamCountry "SLO"]
[BlackTeamCountry "SLO"]

1. d4 Nf6 2. c4 g6 3. Nc3 Bg7 4. e4 d6 5. Bd3 0-0 6. Nge2 c5 7. d5 Na6 8. a3 Nc7 9. Be3 Ng4 10. Bf4 Ne5 11. Bxe5 Bxe5 12. Qd2 Rb8 13. h4 e6 14. f3 exd5 15. cxd5 b5 16. b4 a5 17. Rb1 axb4 18. axb4 c4 19. Bc2 f5 20. h5 Qf6 21. hxg6 hxg6 22. Rh3 f4 23. Kf2 Qg5 24. Rbh1 Bg7 25. Rh4 Be5 26. Nd4 Qg3+ 27. Kf1 Ra8 28. Nce2 Ra1+ 29. Bd1 Qg5 30. Nc6 Bg7 31. Kf2 Bd7 32. Rxf4 Rxf4 33. Nxf4 c3 34. Qe3 c2 35. Qb6 c1Q 36. Qxc7 Qcxf4 37. Qxd7 Qfg3+ 38. Ke2 Qxg2+ 0-1

[Event "Ljubljana-chT 62nd 1st League"]
[Site "Ljubljana"]
[Date "2009.03.12"]
[Round "9.1"]
[White "Ocepek, Marjan Ml"]
[Black "Krasevec, Viktor"]
[Result "1/2-1/2"]
[WhiteElo "1740"]
[BlackElo "2027"]
[PlyCount "20"]
[EventDate "2009.01.08"]
[EventType "team-tourn"]
[EventRounds "9"]
[EventCountry "SLO"]
[SourceTitle "EXT 2022"]
[Source "ChessBase"]
[SourceDate "2021.10.06"]
[SourceVersion "1"]
[SourceVersionDate "2021.10.06"]
[SourceQuality "1"]
[WhiteTeam "Loka pri Mengsu"]
[BlackTeam "Ljubljana Karel Jeraj"]
[WhiteTeamCountry "SLO"]
[BlackTeamCountry "SLO"]

1. e4 c5 2. Nf3 d6 3. d4 cxd4 4. Nxd4 e6 5. Be3 Nf6 6. Nc3 Be7 7. Be2 0-0 8. 0-0 Nc6 9. Qd2 Bd7 10. Rad1 Qc8 1/2-1/2

[Event "Ljubljana-chT 62nd 1st League"]
[Site "Ljubljana"]
[Date "2009.03.05"]
[Round "8.1"]
[White "Osolin, Bogdan"]
[Black "Ocepek, Marjan Ml"]
[Result "1-0"]
[WhiteElo "2114"]
[BlackElo "1740"]
[PlyCount "111"]
[EventDate "2009.01.08"]
[EventType "team-tourn"]
[EventRounds "9"]
[EventCountry "SLO"]
[SourceTitle "EXT 2022"]
[Source "ChessBase"]
[SourceDate "2021.10.06"]
[SourceVersion "1"]
[SourceVersionDate "2021.10.06"]
[SourceQuality "1"]
[WhiteTeam "Bor Dob"]
[BlackTeam "Loka pri Mengsu"]
[WhiteTeamCountry "SLO"]
[BlackTeamCountry "SLO"]

1. e4 e6 2. d4 d5 3. Nc3 Nf6 4. Bg5 Be7 5. e5 Nfd7 6. h4 f6 7. exf6 Bxf6 8. Qh5+ g6 9. Qg4 Qe7 10. Nf3 Nb6 11. Ne5 N8d7 12. f4 Nxe5 13. fxe5 Bxg5 14. hxg5 Bd7 15. Bd3 0-0-0 16. Rf1 Rdf8 17. 0-0-0 a6 18. Rf6 c5 19. dxc5 Qxc5 20. Qf4 Rd8 21. Be2 Kb8 22. Bg4 Nc4 23. Nxd5 exd5 24. e6+ Ka8 25. exd7 Qe3+ 26. Kb1 Qxf4 27. Rxf4 Ne3 28. Rd3 Nxg4 29. Rxg4 Rhf8 30. b3 Rf5 31. c4 Rxd7 32. Kb2 Kb8 33. Kc3 Kc7 34. c5 Kc6 35. b4 Re7 36. Kb3 Re2 37. a3 Rff2 38. g3 Rb2+ 39. Ka4 Rbe2 40. Rh4 Rf7 41. Rdd4 Re3 42. Rhf4 Rxf4 43. Rxf4 b5+ 44. cxb6 Rxg3 45. Rf6+ Kb7 46. b5 Rg4+ 47. Ka5 axb5 48. Rf7+ Kb8 49. b7 Re4 50. Kb6 Re6+ 51. Kxb5 d4 52. a4 Rd6 53. a5 d3 54. a6 Ka7 55. Rf8 Rb6+ 56. Kc5 1-0